00374 2200157 4500001002100000008004100021035002000062245002800082100001700110250000600127260003900133084001400172082000800186650001000194990001200204INLIS000000000001486 ind  a0010-1124000009 aOk TadikacDra. Koryati aDra. Koryati a1 aTegal :bBahari Center Tegalc2012 a800 KOR o a800 aFiksi a0715315